| 000 | 00703nam1a22002051i 4500 | ||
|---|---|---|---|
| 001 | rc\3021114 | ||
| 005 | 20240726074045.0 | ||
| 035 | _a(NLR Aleph) 007207980 | ||
| 090 |
_a7659974 _c7659974 |
||
| 100 | _a20110928f19401949|||y0rusy50 ca | ||
| 101 | 0 | _arus | |
| 102 | _aRU | ||
| 105 | _ay z ||||| | ||
| 200 | 1 |
_aМатериалы и исследования по истории киргиз и Киргизстана _eВып. 4- _fКомитет наук при СНК Кирг. ССР |
|
| 210 |
_aФрунзе _cКом. наук при СНК Киргизск. ССР _d194? |
||
| 215 | _d20 см | ||
| 801 | 0 |
_aRU _bNLR _gpsbo |
|
| 801 | 1 |
_aRU _bELAR _2rusmarc |
|
| 852 |
_aNLR _jИр16 Г-3/2(4) |
||
| 942 | _cBOOK | ||